Cuadernos de teatro /

Bibliographic Details
Format: Libro
Language:English
Published: Santiago, Chile Ministerio de Educación. Departamento de Extensión Cultural 1980

MARC

LEADER 00000cam a2200000 a 4500
001 029407
003 UAHC_CL
005 20170803123054.0
008 130425b xx j 000 1 eng
040 |a UAHC_CL  |c UAHC_CL  |d UAHC_CL 
245 1 0 |a Cuadernos de teatro /  |c Ministerio de Educación. 
260 |b Ministerio de Educación. Departamento de Extensión Cultural  |a Santiago, Chile  |c 1980 
900 |a CUAD. DE TEATRO-08/83 
942 |c BK 
952 |0 0  |1 0  |4 0  |6 CUAD___DE_TEATRO03_81_000000000000000  |7 0  |8 General  |9 57778  |a BS  |b BS  |c General  |d 2017-08-03  |l 0  |o CUAD. DE TEATRO-03/81  |p 1407281  |r 2019-12-02 00:00:00  |t 1  |w 2017-08-03  |y BK 
952 |0 0  |1 0  |4 0  |6 CUAD___DE_TEATRO04_81_000000000000000  |7 0  |8 General  |9 57779  |a BS  |b BS  |c General  |d 2017-08-03  |l 0  |o CUAD. DE TEATRO-04/81  |p 1407282  |r 2019-12-02 00:00:00  |t 1  |w 2017-08-03  |y BK 
952 |0 0  |1 0  |4 0  |6 CUAD___DE_TEATRO05_82_000000000000000  |7 0  |8 General  |9 57780  |a BS  |b BS  |c General  |d 2017-08-03  |l 1  |o CUAD. DE TEATRO-05/82  |p 1407283  |r 2024-05-31 00:00:00  |s 2024-05-31  |t 3  |w 2017-08-03  |y BK 
952 |0 0  |1 0  |4 0  |6 CUAD___DE_TEATRO06_82_000000000000000  |7 0  |8 General  |9 57781  |a BS  |b BS  |c General  |d 2017-08-03  |l 2  |o CUAD. DE TEATRO-06/82  |p 1407284  |r 2024-06-24 00:00:00  |s 2024-06-24  |t 1  |w 2017-08-03  |y BK 
952 |0 0  |1 0  |4 0  |6 CUAD___DE_TEATRO08_83_000000000000000  |7 0  |8 General  |9 57782  |a BS  |b BS  |c General  |d 2017-08-03  |l 0  |o CUAD. DE TEATRO-08/83  |p 1407285  |r 2019-12-02 00:00:00  |t 1  |w 2017-08-03  |y BK 
999 |c 29407  |d 29407